| 000 | 00577nam a2200229Ia 4500 | ||
|---|---|---|---|
| 008 | 160803s9999 xx 000 0 und d | ||
| 020 | _a9780545133685 | ||
| 100 | _aPalatini, Margie | ||
| 245 | _aBad boys get cookie! / | ||
| 245 | _cMargie Palatini ; illustrated by Henry Cole. | ||
| 260 | _aNew York : | ||
| 260 | _bScholastic Inc. | ||
| 260 | _c2006 | ||
| 300 | _a1 volume (unpaged) : | ||
| 300 | _bcolor illustrations ; | ||
| 300 | _c24 cm | ||
| 650 | _aCookies -- | ||
| 650 | _aWolves -- | ||
| 650 | _xFiction. | ||
| 650 | _xFiction. | ||
| 700 | _a470 | ||
| 999 |
_c299307 _d299307 |
||